Ładuje się......

Poverty and finances : an essay on entotlement and deprivation

Opis bibliograficzny
1. autor: Amartya Sen
Format: Printed Book
Język:Undetermined
English
Wydane: Bombay Oxford University Press 1986
Hasła przedmiotowe:
LEADER 00582nam a2200181Ia 4500
008 140306s9999 xx 000 0 und d
020 |a 19 561473 9 
041 |a eng 
082 |a 362 .5  |b AMA/PO 
100 |a Amartya Sen 
245 |a Poverty and finances : an essay on entotlement and deprivation 
260 |a Bombay  |b Oxford University Press  |c  1986 
300 |a 257 
365 |b Rs .65 
650 |a Starvation 
942 |2 ddc  |c BK 
999 |c 182006  |d 182006 
952 |0 0  |1 0  |2 ddc  |4 0  |6 362_000000000000000__5_AMA_PO  |7 0  |9 187678  |a KAUCBV  |b KAUCBV  |g 65.00  |o 362 .5 AMA/PO  |r 2014-03-22  |w 2014-03-22  |y BK